KOHA-Header-6

Using Information Technology (Record no. 10039)

000 -LEADER
fixed length control field 00263nam a2200109Ia 4500
100 ## - MAIN ENTRY--AUTHOR NAME
Personal name Williams,Brian K.
245 #0 - TITLE STATEMENT
Title Using Information Technology
260 ## - PUBLICATION, DISTRIBUTION, ETC. (IMPRINT)
Place of publication India
Name of publisher Oxford
Year of publication 1997
300 ## - PHYSICAL DESCRIPTION
Number of Pages 726
942 ## - ADDED ENTRY ELEMENTS (KOHA)
Koha item type Books
Holdings
Withdrawn status Lost status Collection code Permanent Location Current Location Shelving location Date acquired Full call number Accession Number Koha item type
    Computer Science MAJU MAJU   2019-09-14 346.7 6122 Computer Science

Powered by Koha